000
00277nam a22001337a 4500
020
_a
0-590-11180-9
082
_a
823
_b
BLYTON
100
_a
BLY/E
245
_a
ENCHANTED LANDS
260
_a
LONDON
_b
LADY BIRD
300
_a
28
650
_a
ENGLISH SHORT STORY
_z
UK
942
_c
BK
999
_c
2489
_d
2489